| 000 | 01161nab a2200313 u 4500 | ||
|---|---|---|---|
| 001 | 03360 | ||
| 003 | HDC | ||
| 007 | cr bn --- | ||
| 008 | 210108p2017 xx n |0 eng | ||
| 022 | _a2226-3624 | ||
| 040 | _aHDC | ||
| 100 |
_aAbdul Hamid, _eauthor, _92597 |
||
| 245 | 3 |
_aAn Empirical Re-Examination of the Islamic Banking Performance in Indonesia / _cby Abdul Hamid, M. Shabri Abd. Majid, and Lilis Khairunnisah |
|
| 260 |
_a[No place] : _b[publisher not identified], _c2017 |
||
| 300 | _a1 online resource (14 pages) | ||
| 336 |
_atext _2rdacontent |
||
| 337 |
_acomputer _2rdamedia |
||
| 338 |
_aonline resource _2rdacarrier |
||
| 650 |
_aBanks and banking _92598 |
||
| 650 |
_aFinance _xReligious aspects _xIslam _9438 |
||
| 650 |
_aIslamic ethics _9277 |
||
| 700 |
_aLilis Khairunnisah, _eauthor _92600 |
||
| 700 |
_aM. Shabri Abd. Majid, _eauthor _92599 |
||
| 700 |
_aM. Shabri Abd. Majid, _eauthor _92599 |
||
| 856 | _zRequest full-text at [email protected] | ||
| 942 | _2lcc | ||
| 942 | _cAR | ||
| 942 | _kJART 000032 | ||
| 999 |
_c746 _d746 |
||